Dotácie na podporu investičných zámerov vo výrobnom podniku v oblasti enviromentu diplomová práca

Guardado en:
Detalles Bibliográficos
Autor principal: Harčová, Veronika
Autor Corporativo: Podnikovohospodárska fakulta EU so sídlom v Košiciach. Katedra finančného riadenia podniku
Otros Autores: Feranecová, Adela, 1986-
Formato: Libro
Lenguaje:eslovaco
Publicado: Košice 2015
Etiquetas: Agregar Etiqueta
Sin Etiquetas, Sea el primero en etiquetar este registro!

MARC

LEADER 00000nbm a2200000 4500
001 0202311
005 20161212094548.6
041 0 |a slo 
044 |a SK 
245 1 0 |a Dotácie na podporu investičných zámerov vo výrobnom podniku v oblasti enviromentu  |b diplomová práca  |c Veronika Harčová ; školiteľ: Adela Feranecová 
264 1 |a Košice  |c 2015 
300 |a 79 s. 
100 1 |a Harčová, Veronika 
700 1 |a Feranecová, Adela, 1986- 
710 2 |a Podnikovohospodárska fakulta EU so sídlom v Košiciach. Katedra finančného riadenia podniku